| 000 | 01120cam a22002774a 4500 | ||
|---|---|---|---|
| 999 |
_c234117 _d234117 |
||
| 001 | 4522573 | ||
| 003 | Nust | ||
| 005 | 20170313183250.0 | ||
| 008 | 990526s1999 nyua 000 1 eng | ||
| 010 | _a 99034253 | ||
| 020 | _a0060932678 | ||
| 040 |
_aDLC _cDLC _dDLC |
||
| 041 | 1 |
_aeng _hspa |
|
| 042 | _apcc | ||
| 050 | 0 | 0 |
_aPQ8180.17.A73 _bO813 1999 |
| 082 | 0 | 0 |
_a863 _bMAR |
| 100 | 1 |
_aGarcía Márquez, Gabriel, _d1927-2014. |
|
| 240 | 1 | 0 |
_aOtoño del patriarca. _lEnglish |
| 245 | 1 | 4 |
_aThe autumn of the patriarch / _cGabriel García Márquez ; |
| 250 | _a1st Perennial Classics ed. | ||
| 260 |
_aNew York : _bPerennial Classics, _c1999. |
||
| 300 |
_a229 p. : _c21 cm. |
||
| 650 |
_aPatriarchy _vFiction |
||
| 700 | 1 | _aRabassa, Gregory. | |
| 856 | 4 | 2 |
_3Publisher description _uhttp://www.loc.gov/catdir/description/hc043/99034253.html |
| 906 |
_a7 _bcbc _corignew _d1 _eocip _f19 _gy-gencatlg |
||
| 942 |
_2ddc _cBK |
||